000 00821nam a22002177a 4500
999 _c8680
_d8680
003 AR-CdUCM
008 190325b ||||| |||| 00| 0 spa d
040 _aMUNICIPALIDAD PROVINCIAL DEL CUSCO
_cBIBLIOTECA MUNICIPAL DEL CUSCO
082 _a614.2 /
_bF91
100 _aFuertes Jovellar, Antonio
_924261
245 _aEducación para la salud :
_bOrientación para educadores /
260 _aBuenos Aires :
_bGuadalupe,
_c1972.
300 _a313 páginas ;
_c23 cm.
505 _aContenido : Medicina social: Conceptos generales -- Los factores sociales como variables patógenas -- Técnicas de investigación social -- Estadística sanitaria ...
650 _aSalud
_98684
650 _aEducacion
_9460
650 _aEducadores
_91065
700 _aSarria Amigot, Javier
_924262
942 _2ddc
_cLIBROS
945 _arah